000 01701nam2a2200325 4500
001 RU\NLR\BIBL_A\011814207
005 20181022103246.0
010 _a978-5-6041519-6-9
021 _aRU
_bКН-П-18-065803
_9КН-П-18-4739
035 _a(NLR Aleph) 011814207
035 _a(RuMoRGB)009735902
090 _a11931468
_c11931468
100 _a20181008d2018 u y0rusy50 ca
101 0 _arus
102 _aRU
105 _ay z 000gy
200 1 _aИюнь
_fсоставитель: Эдуард Малыкин]
210 _d2018
215 _a131 с.
300 _aОбщ. подзаг.: Стихи и проза
327 0 _aСодерж.: авт.: стихи: Дмитрий Грибинюков, Павел Сомов-Заламский, Алена Канаева, Мариана Карелина, Тина Сухановская, Виктория Айрапетян, Ирина Краева, Аскольд Снежин [и др.]; проза: Татьяна Конюхова, Елена Бакулина
461 0 _1001RU\NLR\BIBL_A\011779769
_12001#$aАвторы XXI века$e[проза и стихи$eсборник$fсоставитель: Яна Малыкина]$v[2018, 2
_911770231
_c[Б. м.]
_d2018
_fсоставитель: Яна Малыкина]
_nИздательский проект ЛитКульта
_o[проза и стихи : сборник
_tАвторы XXI века
_v[2018, 2
686 2 _aШ6(2=Р)8я43
702 1 _aМалыкин
_bЭ. Г.
_f1984-
_gЭдуард Григорьевич
_4220
852 _aNLR
_j2018-3/18293
942 _cBOOK
980 _aNB